Normal view
MARC view
- Kent, Allen
Entry Personal Name
001 - CONTROL NUMBER
- control field: 112545
003 - CONTROL NUMBER IDENTIFIER
- control field: NUST
005 - DATE AND TIME OF LATEST TRANSACTION
- control field: 20230523125447.0
008 - FIXED-LENGTH DATA ELEMENTS
- fixed length control field: 230523|| aca||aabn | a|a d
040 ## - CATALOGING SOURCE
- Original cataloging agency: NUST
- Transcribing agency: NUST
100 ## - HEADING--PERSONAL NAME
- Personal name: Kent, Allen
670 ## - SOURCE DATA FOUND
- Source citation: Work cat.: (NUST)178932: Arnett, Edward McC. 112543, Computer-based chemical information /, 1973.
